<?xml version="1.0" encoding="UTF-8"?>
<marc:record xmlns:marc="http://www.loc.gov/MARC21/slim">
   <marc:leader>00000nam a2200000 a 4500</marc:leader>
   <marc:datafield ind1="1" ind2=" " tag="100">
      <marc:subfield code="a">Kapferer, Martin</marc:subfield>
      <marc:subfield code="4">edt</marc:subfield>
      <marc:subfield code="e">Bearbeiter/-in</marc:subfield>
   </marc:datafield>
   <marc:datafield ind1="1" ind2=" " tag="100">
      <marc:subfield code="a">Silberberger, Rudolf</marc:subfield>
      <marc:subfield code="4">edt</marc:subfield>
      <marc:subfield code="e">Bearbeiter/-in</marc:subfield>
   </marc:datafield>
   <marc:datafield ind1="1" ind2=" " tag="100">
      <marc:subfield code="a">Scheuer, Manfred</marc:subfield>
      <marc:subfield code="4">ctb</marc:subfield>
      <marc:subfield code="e">Mitwirkende/-r</marc:subfield>
   </marc:datafield>
   <marc:datafield ind1="1" ind2=" " tag="100">
      <marc:subfield code="a">Naredi-Rainer, Paul</marc:subfield>
      <marc:subfield code="4">ctb</marc:subfield>
      <marc:subfield code="e">Mitwirkende/-r</marc:subfield>
   </marc:datafield>
   <marc:datafield ind1="1" ind2=" " tag="100">
      <marc:subfield code="a">Larl, Rupert</marc:subfield>
      <marc:subfield code="4">ill</marc:subfield>
      <marc:subfield code="e">Illustrator/-in</marc:subfield>
   </marc:datafield>
   <marc:datafield ind1="1" ind2=" " tag="100">
      <marc:subfield code="a">Moser, Martin</marc:subfield>
      <marc:subfield code="4">ill</marc:subfield>
      <marc:subfield code="e">Illustrator/-in</marc:subfield>
   </marc:datafield>
   <marc:datafield ind1=" " ind2=" " tag="653">
      <marc:subfield code="a">Geschichte 1958-2002</marc:subfield>
   </marc:datafield>
   <marc:datafield ind1=" " ind2=" " tag="653">
      <marc:subfield code="a">Kirchenbau</marc:subfield>
   </marc:datafield>
   <marc:datafield ind1=" " ind2=" " tag="653">
      <marc:subfield code="a">Architektur</marc:subfield>
   </marc:datafield>
   <marc:datafield ind1=" " ind2=" " tag="653">
      <marc:subfield code="a">Kirchen</marc:subfield>
   </marc:datafield>
   <marc:datafield ind1=" " ind2=" " tag="653">
      <marc:subfield code="a">Sakralarchitektur</marc:subfield>
   </marc:datafield>
   <marc:datafield ind1=" " ind2=" " tag="653">
      <marc:subfield code="a">Tirol</marc:subfield>
   </marc:datafield>
   <marc:datafield ind1=" " ind2=" " tag="653">
      <marc:subfield code="a">Softcover / Sachbücher/Kunst</marc:subfield>
   </marc:datafield>
   <marc:datafield ind1=" " ind2=" " tag="653">
      <marc:subfield code="a">Literatur/Architektur</marc:subfield>
   </marc:datafield>
   <marc:datafield ind1=" " ind2=" " tag="653">
      <marc:subfield code="a">Bildband</marc:subfield>
   </marc:datafield>
   <marc:datafield ind1="0" ind2="0" tag="245">
      <marc:subfield code="a">Kirchenbau in der Diözese Innsbruck</marc:subfield>
   </marc:datafield>
   <marc:datafield ind1="0" ind2="0" tag="245">
      <marc:subfield code="b">1958 bis heute, zwölf Beispiele.</marc:subfield>
   </marc:datafield>
   <marc:datafield ind1="0" ind2="0" tag="245">
      <marc:subfield code="c">Martin Kapferer, Rudolf Silberberger (Hrsg.) ; mit Fotografien von Rupert Larl, Beiträgen von Paul Naredi-Rainer und Manfred Scheuer und Planzeichnungen Martin Moser</marc:subfield>
   </marc:datafield>
   <marc:datafield ind1=" " ind2="1" tag="264">
      <marc:subfield code="a">Innsbruck</marc:subfield>
      <marc:subfield code="b">Tyrolia-Verlag</marc:subfield>
   </marc:datafield>
   <marc:datafield ind1="1" ind2=" " tag="520">
      <marc:subfield code="a">Angaben aus der Verlagsmeldung

Kirchenbau in der Diözese Innsbruck : Von 1958 bis heute. Zwölf Beispiele. Mit Beiträgen von Manfred Scheuer und Paul Naredi-Rainer, Fotografien von Rupert Larl und Planzeichnungen Martin Moser / von Martin Kapferer, Rudolf Silberberger, Manfred Scheuer, Paul Naredi-Rainer

Moderne Sakralarchitektur in Tirol
Die herausragenden Bauten

Die Bevölkerungsentwicklung nach dem Zweiten Weltkrieg machte den Bau zahlreicher neuer Kirchen nötig. Dafür engagierte die Diözese Innsbruck die führenden Architekten des Landes wie Clemens Holzmeister, Josef Lackner oder Horst H. Parson. Ein Team rund um den Leiter des Bauamtes der Diözese Innsbruck Klaus Lechner wählte für dieses Buch zwölf Bauten aus, die von Diözesankonservator Rudolf Silberberger und Diözesanarchivar Martin Kapferer kompakt beschrieben und mit Planskizzen des Bauamtstechnikers Martin Moser illustriert sind. Sicht- und erlebbar werden die Kirchenbauten durch über 60 aussagekräftige Fotografien des renommierten Innsbrucker Fotografen Rupert Larl.
Eine kunsthistorische Abhandlung über das Wesen von Kultbauten von Paul Naredi-Rainer, Ordinarius für Kunstgeschichte an der Universität Innsbruck, sowie wie ein theologisch-soziologischer Beitrag zum Sinngehalt von Kirchenbauten aus der Feder des Innsbrucker Diözesanbischofs Manfred Scheuer verleihen dem Buch überregionalen Wert.

Tipps:
Sakrale Kunst des 20. Jahrhunderts
Kirche im Kunstverständnis der Zeit
</marc:subfield>
   </marc:datafield>
   <marc:datafield ind1=" " ind2=" " tag="020">
      <marc:subfield code="a">9783702235291</marc:subfield>
      <marc:subfield code="9">9783702235291</marc:subfield>
   </marc:datafield>
   <marc:datafield ind1=" " ind2=" " tag="020">
      <marc:subfield code="a">3702235299</marc:subfield>
      <marc:subfield code="9">3702235299</marc:subfield>
   </marc:datafield>
   <marc:datafield ind1=" " ind2=" " tag="041">
      <marc:subfield code="a">ger</marc:subfield>
   </marc:datafield>
   <marc:datafield ind1=" " ind2=" " tag="300">
      <marc:subfield code="a">127 Seiten</marc:subfield>
   </marc:datafield>
</marc:record>
